TUNNEL VISION Lyrics - Statistics

General Stats
  • This quiz has been taken 6 times
  • The average score is 118 of 335
Answer Stats
Answer % Correct
I
67%
the
67%
tunnel
67%
vision
67%
a
33%
acting
33%
after
33%
ain't
33%
all
33%
always
33%
and
33%
anybody
33%
as
33%
at
33%
be
33%
been
33%
believe
33%
bend
33%
better
33%
body
33%
burdens
33%
but
33%
But
33%
can
33%
can't
33%
caught
33%
certain
33%
cherry
33%
climbed
33%
could've
33%
crossing
33%
dead
33%
death's
33%
demise
33%
die
33%
distract
33%
don't
33%
down
33%
drink
33%
empty
33%
eye
33%
eyes
33%
fall
33%
far
33%
fast
33%
find
33%
focus
33%
f Follow
33%
for
33%
fountain
33%
fresh
33%
from
33%
get
33%
goes
33%
good
33%
haze
33%
heart
33%
hill
33%
hold
33%
holy
33%
honeysuckle
33%
house
33%
how
33%
hum
33%
hustle
33%
hypnotized
33%
I'd
33%
I'm
33%
in
33%
into
33%
is
33%
it
33%
it's
33%
just
33%
know
33%
lay
33%
like
33%
look
33%
make
33%
me
33%
meat
33%
more
33%
my
33%
needle
33%
never
33%
no
33%
not
33%
now
33%
obsession
33%
obvious
33%
on
33%
open
33%
panic
33%
pie
33%
playing
33%
portal
33%
prize
33%
pussy
33%
put
33%
rather
33%
regret
33%
rest
33%
rushing
33%
satanic
33%
saw
33%
searching
33%
show
33%
sleeve
33%
so
33%
stop
33%
test
33%
than
33%
that
33%
that's
33%
them
33%
then
33%
they
33%
they'll
33%
thighs
33%
thirsty
33%
thought
33%
to
33%
too
33%
touch
33%
trick
33%
tumble
33%
tune
33%
view
33%
watch
33%
water
33%
we'll
33%
what
33%
will
33%
working
33%
would
33%
yeah
33%
you
33%
your
33%
you're
33%
oh
0%
No matching quizzes found
Score Distribution
Percent of People with Each Score
Percentile by Number Answered
Your Score History
You have not taken this quiz